Code rabbinque. (Record no. 91597)
[ view plain ]
| 000 -LEADER | |
|---|---|
| fixed length control field | 01184cam a2200289u 4500 |
| 001 - CONTROL NUMBER | |
| control field | unk84228705 |
| 003 - CONTROL NUMBER IDENTIFIER | |
| control field | DLC |
| 005 - DATE AND TIME OF LATEST TRANSACTION | |
| control field | 20260227112802.0 |
| 008 - FIXED-LENGTH DATA ELEMENTS--GENERAL INFORMATION | |
| fixed length control field | 850227s1868 fr 000 0 fre |
| 010 ## - LIBRARY OF CONGRESS CONTROL NUMBER | |
| LC control number | unk84228705 |
| 040 ## - CATALOGING SOURCE | |
| Original cataloging agency | DLC |
| Transcribing agency | CarP |
| Modifying agency | DLC |
| 041 1# - LANGUAGE CODE | |
| Language code of text/sound track or separate title | fre |
| Language code of original | heb |
| 043 ## - GEOGRAPHIC AREA CODE | |
| Geographic area code | f-ae--- |
| 050 00 - LIBRARY OF CONGRESS CALL NUMBER | |
| Classification number | BM520.88 |
| Item number | .A56 1868 |
| 100 1# - MAIN ENTRY--PERSONAL NAME | |
| Personal name | Karo, Joseph ben Ephraim, |
| Dates associated with a name | 1488-1575. |
| 240 10 - UNIFORM TITLE | |
| Uniform title | Even ha-ʻezer. |
| Form subheading | Selections. |
| Language of a work | French |
| 245 10 - TITLE STATEMENT | |
| Title | Code rabbinque. |
| Remainder of title | Eben Haezer, traduit par extraits, avec les explications des docteurs juifs, la jurisprudence de la cour d'Alger et des notes comparatives de droit français et de droit musulman, |
| Statement of responsibility, etc. | par E. Sautayra, et M. Charleville. |
| 260 ## - PUBLICATION, DISTRIBUTION, ETC. | |
| Place of publication, distribution, etc. | Paris, |
| -- | Challamel, [etc.] |
| Date of publication, distribution, etc. | 1868. |
| 300 ## - PHYSICAL DESCRIPTION | |
| Extent | 2 v. in 1. |
| Dimensions | 24 cm. |
| 530 ## - ADDITIONAL PHYSICAL FORM AVAILABLE NOTE | |
| Additional physical form available note | Also available in digital form on the Internet Archive Web site. |
| 600 10 - SUBJECT ADDED ENTRY--PERSONAL NAME | |
| Personal name | Karo, Joseph ben Ephraim, |
| Dates associated with a name | 1488-1575. |
| Title of a work | Even ha-ʻezer. |
| 650 #0 - SUBJECT ADDED ENTRY--TOPICAL TERM | |
| Topical term or geographic name entry element | Domestic relations (Jewish law) |
| 650 #0 - SUBJECT ADDED ENTRY--TOPICAL TERM | |
| Topical term or geographic name entry element | Jews |
| General subdivision | Legal status, laws, etc. |
| Geographic subdivision | Algeria |
| General subdivision | History |
| Chronological subdivision | 19th century. |
| 700 1# - ADDED ENTRY--PERSONAL NAME | |
| Personal name | Sautayra, E. |
| 700 1# - ADDED ENTRY--PERSONAL NAME | |
| Personal name | Charleville, Mahir, |
| Dates associated with a name | 1814-1888. |
| 856 41 - ELECTRONIC LOCATION AND ACCESS | |
| Uniform Resource Identifier | <a href="http://hdl.loc.gov/loc.gdc/scd0001.00117672062">http://hdl.loc.gov/loc.gdc/scd0001.00117672062</a> |
No items available.